00366nam a2200157Ia 4500008004100000041000800041100001600049245003800065260002800103300000800131365001300139500000900152520001900161650000900180999001900189230605s2000 xx 000 0 und d aeng aworthington aNutrition throught the life cycle bMc Grawhill Pub. c2000 a469 b4144h18 a1938 aReference Copy aC.S. c418860d418860